000
00320nam a22001337a 4500
008
171020b xxu||||| |||| 00| 0 eng d
020
_a
9780324399806
041
_a
eng
080
_2
12 ED
_a
338
100
_a
54
101
_a
MEN
245
_a
AN INTRODUCTION TO MANAGEMENT SCIENCE
_c
MARTIN.W.A
942
_2
udc
_c
BK
999
_c
35235
_d
35235